| 000 | 00533nam a2200169 i 4500 | ||
|---|---|---|---|
| 001 | 36673 | ||
| 003 | ES-MaACL | ||
| 005 | 20230906155421.0 | ||
| 007 | t| | ||
| 008 | 030219s1920 xxu ||||1| eng d | ||
| 100 | 1 |
_aBourne, Randolph. _931016 |
|
| 245 | 1 | 0 |
_aHistory of a literary radical and other essays / _cRandolph, Bourne ; edited with an introduction by Van Wyck Brooks. |
| 260 |
_aNew York : _bB. W. Huebsch, _c1920. |
||
| 300 |
_aXXXVI, 344 p. ; _c19 cm. |
||
| 700 | 1 |
_aBrooks, Van Wyck. _931921 |
|
| 852 |
_aES-MaACL _jF-8285 |
||
| 999 |
_c36673 _d36673 |
||